MARKETING FASHION FOOTWEAR (Record no. 17231)

MARC details
000 -LEADER
fixed length control field 00296nam a22001337a 4500
003 - CONTROL NUMBER IDENTIFIER
control field SGT
020 ## - INTERNATIONAL STANDARD BOOK NUMBER
International Standard Book Number 978-1-4725-7931-7
082 ## - DEWEY DECIMAL CLASSIFICATION NUMBER
Classification number 746.92
Item number M17M
100 ## - MAIN ENTRY--PERSONAL NAME
Personal name MCLAREN, TAMSIN
245 ## - TITLE STATEMENT
Title MARKETING FASHION FOOTWEAR
260 ## - PUBLICATION, DISTRIBUTION, ETC. (IMPRINT)
Place of publication, distribution, etc N.Y.
Name of publisher, distributor, etc BLOOMSBURY
Year of Publication 2017
300 ## - PAGE DESCRIPTION
No. of Pages 204
942 ## - ADDED ENTRY ELEMENTS (KOHA)
Source of classification or shelving scheme Dewey Decimal Classification
Koha item type Books
Holdings
Withdrawn status Lost status Source of classification or shelving scheme Damaged status Not for loan Home library Current library Shelving location Date acquired Vendor Name Cost, normal purchase price SGTU Bill Number Total Checkouts Full call number Accession No. (Barcode) Date last seen Bill Date Koha item type
    Dewey Decimal Classification     SGT Science & Social Sciences Library SGT Science & Social Sciences Library Text Book 30/03/2019 PANKAJ PUB. 313405.00 SGTU 4321   746.92 M17M FF630 30/03/2019 07/03/2019 Books